| 000 | 00915nam a2200217 a 4500 | ||
|---|---|---|---|
| 008 | 081120s1996 ||||||||||||||||| || u | ||
| 020 | _a0821334603 | ||
| 050 | _aIBRD(08) | ||
| 100 | _aCraig, Helen | ||
| 245 | 1 | 0 |
_aSchools count: World Bank project design and the quality of primary education in Sub-Saharan Africa _cWard Heneveld; Helen Craig |
| 260 |
_aWashington, D.C. _bWorld Bank _c1996 |
||
| 300 | _axvii, 127p. : ill. | ||
| 350 | _a0.00 | ||
| 490 | _aWORLD BANK TECHNICAL PAPER | ||
| 650 | _aEDUCATIONAL EVALUATION--AFRICA, SUB-SAHARAN | ||
| 650 | _aEDUCATION, ELEMENTARY--AFRICA, SUB-SAHARAN | ||
| 650 | _aEDUCATIONAL ASSISTANCE--AFRICA, SUB-SAHARAN | ||
| 650 | 0 | _aEDUCATIONAL TESTS AND MEASUREMENTS | |
| 700 | _aHeneveld, Ward | ||
| 995 |
_D0.00 _FCBU-MAIN LIBRARY (Kitwe) _H1 _I0.00 _M1 _UAVAILABLE _WNov 20, 2008 _ZInternational Publications |
||
| 999 |
_c57068 _d57068 |
||